The human rights reader major political essays, speeches, and documents from ancient times to the present
Saved in:
| Other Authors: | |
|---|---|
| Format: | Book |
| Published: |
New York
Routledge
c2007
|
| Edition: | 2nd ed |
| Subjects: | |
| Tags: |
Add Tag
No Tags, Be the first to tag this record!
|
| Call Number : | JC571 .H7699 2007 |
MARC
| LEADER | 00000pam a2200000 4500 | ||
|---|---|---|---|
| 001 | 22036 | ||
| 003 | MY-KLNDU | ||
| 005 | 20241218080840.0 | ||
| 020 | 0 | 0 | |a 9780415951593 |
| 020 | 0 | 0 | |a 0415951593 |
| 020 | 0 | 0 | |a 9780415951609 |
| 020 | 0 | 0 | |a 0415951607 |
| 035 | |a 0000033421 | ||
| 039 | 9 | |a 200911181329 |b VLOAD |c 200911181140 |d VLOAD |y 200910091715 |z VLOAD | |
| 090 | 0 | 0 | |a JC571 |b .H7699 2007 |
| 245 | 0 | 4 | |a The human rights reader |b major political essays, speeches, and documents from ancient times to the present |c edited by Micheline R. Ishay |
| 250 | 0 | 0 | |a 2nd ed |
| 260 | 0 | 0 | |a New York |b Routledge |c c2007 |
| 300 | |a xxviii, 559p. |c 26cm. | ||
| 504 | 0 | 0 | |a Includes bibliographical references and index |
| 591 | |a 0000004168 |b 12/09/08 |c 0200-07 |d 1 |e RM520 |f 1 |g 520 |h Pustaka Darul Warisan Sdn. Bhd. | ||
| 592 | |a 00002112 |b 19/11/08 |c RM460.64 |d 1 |e 460.64 | ||
| 650 | 0 | 0 | |a Human rights |x History |
| 700 | 1 | 1 | |a Ishay |h Micheline |
| 999 | |a vtls000031888 |c 22036 |d 22036 | ||


